000 00289nam a2200133Ia 4500
008 231129s1967||||xx |||||||||||||| ||spa||
040 _bspa
082 _aCh863 E26m
100 _aEdwards Jorge
245 0 _aLas mascaras
260 _c1967
264 _aSeix Barral
942 _2ddc
_cBKS
999 _c18825
_d18825